000
00329nam a22001457a 4500
020
_a
978-81-8264-334-5
082
_a
894.812
_b
NIL/Y
100
_a
NILAYANGODE, DEVAKI
245
_a
YATHRA
_b
KATTILUM NATTILUM
260
_a
KOZHIKODE
_b
MATHRUBHUMI BOOKS
_c
2008
300
_a
82
520
_a
NOVEL
650
_a
NOVEL
942
_c
BK
999
_c
5326
_d
5326